<?xml version="1.0" encoding="UTF-8"?>
<record
    xmlns:xsi="http://www.w3.org/2001/XMLSchema-instance"
    xsi:schemaLocation="http://www.loc.gov/MARC21/slim http://www.loc.gov/standards/marcxml/schema/MARC21slim.xsd"
    xmlns="http://www.loc.gov/MARC21/slim">

  <leader>00679nam a22001937a 4500</leader>
  <controlfield tag="005">20260417122616.0</controlfield>
  <datafield tag="010" ind1=" " ind2=" ">
    <subfield code="a">ENG-148309</subfield>
  </datafield>
  <datafield tag="020" ind1=" " ind2=" ">
    <subfield code="a">9788199301603</subfield>
    <subfield code="c">1099.00</subfield>
  </datafield>
  <datafield tag="035" ind1=" " ind2=" ">
    <subfield code="a">EN-131841</subfield>
  </datafield>
  <datafield tag="037" ind1=" " ind2=" ">
    <subfield code="b">DBAD</subfield>
  </datafield>
  <datafield tag="082" ind1=" " ind2=" ">
    <subfield code="a">320.540954917</subfield>
    <subfield code="2">1</subfield>
  </datafield>
  <datafield tag="245" ind1=" " ind2=" ">
    <subfield code="a">Politics of Identity:</subfield>
    <subfield code="b">Ethnicity, Nationalism and Belongingness/</subfield>
    <subfield code="c">Edited By Shahiuz Zaman Ahmad</subfield>
  </datafield>
  <datafield tag="250" ind1=" " ind2=" ">
    <subfield code="a">1</subfield>
  </datafield>
  <datafield tag="260" ind1=" " ind2=" ">
    <subfield code="a">Guwahati</subfield>
    <subfield code="b">Purbanchal Prakash</subfield>
    <subfield code="c">2026</subfield>
  </datafield>
  <datafield tag="270" ind1=" " ind2=" ">
    <subfield code="a">H.N0--2, Seujee Path, Wireless, Dr. B.N.Saikia Road</subfield>
    <subfield code="b">Guwahati</subfield>
    <subfield code="e">781006</subfield>
    <subfield code="m">purbanchal_prakash@yahoo.com</subfield>
  </datafield>
  <datafield tag="300" ind1=" " ind2=" ">
    <subfield code="a">464p.</subfield>
    <subfield code="c">23cm(Hb)</subfield>
  </datafield>
  <datafield tag="700" ind1=" " ind2=" ">
    <subfield code="a">Ahmad, Shahiuz Zaman </subfield>
    <subfield code="e">Editor</subfield>
    <subfield code="9">88946</subfield>
  </datafield>
  <datafield tag="942" ind1=" " ind2=" ">
    <subfield code="2">ddc</subfield>
    <subfield code="c">EN</subfield>
    <subfield code="h">320.540954917</subfield>
    <subfield code="m">POL</subfield>
  </datafield>
  <datafield tag="999" ind1=" " ind2=" ">
    <subfield code="c">215928</subfield>
    <subfield code="d">215928</subfield>
  </datafield>
  <datafield tag="952" ind1=" " ind2=" ">
    <subfield code="0">0</subfield>
    <subfield code="1">0</subfield>
    <subfield code="4">0</subfield>
    <subfield code="7">0</subfield>
    <subfield code="8">NFIC</subfield>
    <subfield code="a">DBAD</subfield>
    <subfield code="b">DBAD</subfield>
    <subfield code="d">2026-04-17</subfield>
    <subfield code="e">Delivery of Books Act Division</subfield>
    <subfield code="g">1099.00</subfield>
    <subfield code="l">0</subfield>
    <subfield code="o">320.540954917 POL</subfield>
    <subfield code="p">EN-131841</subfield>
    <subfield code="r">2026-04-17 12:26:48</subfield>
    <subfield code="t">1</subfield>
    <subfield code="v">1099.00</subfield>
    <subfield code="w">2026-04-17</subfield>
    <subfield code="y">EN</subfield>
  </datafield>
</record>
